Normal view
MARC view
Entry Personal Name
001 - CONTROL NUMBER
- control field: 28005
003 - CONTROL NUMBER IDENTIFIER
- control field: OSt
005 - DATE AND TIME OF LATEST TRANSACTION
- control field: 20211005165339.0
008 - FIXED-LENGTH DATA ELEMENTS
- fixed length control field: 211005|| aca||aabn | a|a d
040 ## - CATALOGING SOURCE
- Original cataloging agency: OSt
- Transcribing agency: OSt
100 ## - HEADING--PERSONAL NAME
- Personal name: Hur, Joon-Young and Kim, Kyungwoo
670 ## - SOURCE DATA FOUND
- Source citation: Work cat.: (OSt)517716: Hur, Joon-Young and Kim, Kyungwoo, Crisis learning and flattening the curve: South Korea’s rapid and massive diagnosis of the Covid-19 infection
